[Event "XLI Open Internacional de Barberà del Vallès "A""]
[Site "C/ Torre d’en Gorgs, nº 40, Barberà del Vallès (Barcelona)"]
[Date "2018.07.08"]
[Round "5.1"]
[White "Martinez Alcantara, Jose Eduardo"]
[Black "Iniyan, P"]
[Result "*"]
[WhiteElo "2545"]
[BlackElo "2451"]
[PlyCount "0"]
[EventDate "2018.07.04"]

1. Nf3 {[%clk 1:26:53]} Nf6 {[%clk 1:30:22]} 2. c4 {[%clk 1:27:19]} g6
{[%clk 1:30:35]} 3. g3 {[%clk 1:27:44]} Bg7 {[%clk 1:30:57]} 4. d4
{[%clk 1:28:08]} O-O {[%clk 1:31:10]} 5. Bg2 {[%clk 1:28:35]} d6 {[%clk 1:31:33]}
6. O-O {[%clk 1:28:59]} Nc6 {[%clk 1:31:56]} 7. Nc3 {[%clk 1:29:25]} a6
{[%clk 1:32:20]} 8. Bf4 {[%clk 1:29:50]} Rb8 {[%clk 1:31:31]} 9. Rc1
{[%clk 1:30:15]} b5 {[%clk 1:31:05]} 10. Nd5 {[%clk 1:19:19]} Nh5
{[%clk 1:29:59]} 11. Bg5 {[%clk 1:15:05]} h6 {[%clk 1:24:03]} 12. Be3
{[%clk 1:14:51]} Bd7 {[%clk 1:20:45]} 13. b3 {[%clk 1:09:13]} e6 {[%clk 1:04:16]}
14. cxb5 {[%clk 1:00:54]} axb5 {[%clk 1:00:01]} 15. Nc3 {[%clk 1:01:23]} b4
{[%clk 0:50:38]} 16. Na4 {[%clk 1:01:36]} Nf6 {[%clk 0:51:01]} 17. Bd2
{[%clk 0:54:41]} Ne4 {[%clk 0:48:45]} 18. Be1 {[%clk 0:54:55]} f5
{[%clk 0:48:26]} 19. Nd2 {[%clk 0:46:40]} Nxd4 {[%clk 0:32:35]} 20. e3
{[%clk 0:44:22]} Bxa4 {[%clk 0:32:00]} 21. Nxe4 {[%clk 0:37:29]} Bb5
{[%clk 0:32:22]} 22. exd4 {[%clk 0:37:57]} fxe4 {[%clk 0:32:19]} 23. Bxe4
{[%clk 0:38:01]} Bxf1 {[%clk 0:25:08]} 24. Kxf1 {[%clk 0:38:27]} Qg5
{[%clk 0:19:20]} 25. d5 {[%clk 0:15:58]} Bd4 {[%clk 0:09:59]} 26. Rc2
{[%clk 0:03:05]} e5 {[%clk 0:05:10]} 27. Kg2 {[%clk 0:02:02]} Rf7
{[%clk 0:05:04]} 28. h4 {[%clk 0:02:01]} Qf6 {[%clk 0:05:26]} 29. Qd3
{[%clk 0:00:58]} Kg7 {[%clk 0:05:46]} 30. f3 {[%clk 0:01:11]} Bc5
{[%clk 0:05:09]} 31. Kh3 {[%clk 0:00:54]} Rbf8 {[%clk 0:04:46]} 32. Bd2
{[%clk 0:00:58]} g5 {[%clk 0:04:54]} 33. Bc1 {[%clk 0:00:55]} gxh4
{[%clk 0:05:09]} 34. g4 {[%clk 0:01:15]} Qxf3+ {[%clk 0:05:31]} 35. Qxf3
{[%clk 0:01:34]} Rxf3+ {[%clk 0:05:57]} 36. Bxf3 {[%clk 0:01:56]} Rxf3+
{[%clk 0:06:22]} 37. Kh2 {[%clk 0:01:50]} Rd3 {[%clk 0:06:32]} 38. Rd2
{[%clk 0:01:44]} Rxd2+ {[%clk 0:03:58]} 39. Bxd2 {[%clk 0:02:14]} e4
{[%clk 0:04:18]} 40. Be1 {[%clk 0:02:16]} Kf6 {[%clk 0:04:19]} 41. Kh3
{[%clk 0:02:23]} Kg5 {[%clk 0:04:24]} 42. Bxh4+ {[%clk 0:01:07]} Kf4
{[%clk 0:04:48]} 43. Bf6 {[%clk 0:01:35]} e3 {[%clk 0:04:51]} 44. Bg7
{[%clk 0:02:02]} Ke5 0-1

[Event "XLI Open Internacional de Barberà del Vallès "A""]
[Site "C/ Torre d’en Gorgs, nº 40, Barberà del Vallès (Barcelona)"]
[Date "2018.07.08"]
[Round "5.2"]
[White "Neelash, Saha"]
[Black "Guseinov, Gadir"]
[Result "*"]
[WhiteElo "2319"]
[BlackElo "2654"]
[PlyCount "0"]
[EventDate "2018.07.04"]

1. d4 {[%clk 1:30:52]} g6 {[%clk 1:30:56]} 2. c4 {[%clk 1:31:16]} Bg7
{[%clk 1:31:22]} 3. Nc3 {[%clk 1:31:41]} d6 {[%clk 1:31:44]} 4. e4
{[%clk 1:31:48]} Nf6 {[%clk 1:32:08]} 5. h3 {[%clk 1:32:12]} O-O {[%clk 1:32:35]}
6. Be3 {[%clk 1:32:38]} Na6 {[%clk 1:32:51]} 7. Nf3 {[%clk 1:28:31]} e5
{[%clk 1:32:34]} 8. d5 {[%clk 1:28:48]} Nc5 {[%clk 1:30:32]} 9. Nd2
{[%clk 1:29:10]} Nh5 {[%clk 1:30:58]} 10. g3 {[%clk 1:26:53]} a5 {[%clk 1:31:02]}
11. Be2 {[%clk 1:26:48]} Nf6 {[%clk 1:31:19]} 12. g4 {[%clk 1:26:41]} Ne8
{[%clk 1:31:26]} 13. h4 {[%clk 1:11:20]} f5 {[%clk 1:29:34]} 14. f3
{[%clk 1:11:34]} c6 {[%clk 1:27:12]} 15. g5 {[%clk 1:03:05]} cxd5
{[%clk 1:21:05]} 16. cxd5 {[%clk 0:50:24]} Bd7 {[%clk 1:21:11]} 17. Nc4
{[%clk 0:50:26]} fxe4 {[%clk 1:14:25]} 18. fxe4 {[%clk 0:50:14]} b5
{[%clk 1:14:44]} 19. Nxd6 {[%clk 0:34:38]} Nxd6 {[%clk 1:14:59]} 20. Bxc5
{[%clk 0:35:03]} Qc7 {[%clk 1:15:25]} 21. b4 {[%clk 0:35:06]} axb4
{[%clk 1:14:44]} 22. Bxb4 {[%clk 0:35:31]} Rf4 {[%clk 1:10:10]} 23. Qd3
{[%clk 0:25:32]} Bf8 {[%clk 1:09:15]} 24. Rf1 {[%clk 0:19:18]} Rxh4
{[%clk 1:08:02]} 25. Qg3 {[%clk 0:04:44]} Nf5 {[%clk 1:02:24]} 26. exf5
{[%clk 0:02:55]} Bxb4 {[%clk 1:02:28]} 27. Qxh4 {[%clk 0:03:15]} Bxc3+
{[%clk 0:59:38]} 28. Kf2 {[%clk 0:03:41]} Bxf5 {[%clk 0:57:44]} 29. Rac1
{[%clk 0:01:18]} Rxa2 {[%clk 0:58:00]} 30. Rfd1 {[%clk 0:01:37]} Qc5+
{[%clk 0:52:30]} 31. Kf1 {[%clk 0:01:17]} Qe3 {[%clk 0:52:50]} 32. Qf2
{[%clk 0:01:39]} Rxe2 {[%clk 0:52:57]} 33. Qxe3 {[%clk 0:01:50]} Rxe3
{[%clk 0:53:24]} 34. d6 {[%clk 0:02:11]} Bd7 {[%clk 0:53:50]} 35. Kf2
{[%clk 0:02:25]} Rh3 {[%clk 0:54:17]} 36. Kg2 {[%clk 0:02:49]} b4
{[%clk 0:54:29]} 37. Rc2 {[%clk 0:02:25]} Rh5 {[%clk 0:53:56]} 38. Ra2
{[%clk 0:02:50]} Rxg5+ {[%clk 0:54:18]} 39. Kh2 {[%clk 0:03:13]} Kf7
{[%clk 0:54:00]} 0-1

[Event "XLI Open Internacional de Barberà del Vallès "A""]
[Site "C/ Torre d’en Gorgs, nº 40, Barberà del Vallès (Barcelona)"]
[Date "2018.07.08"]
[Round "5.5"]
[White "Himanshu, Sharma"]
[Black "Stella, Andrea"]
[Result "*"]
[WhiteElo "2420"]
[BlackElo "2504"]
[PlyCount "0"]
[EventDate "2018.07.04"]

1. e4 {[%clk 1:31:09]} e5 {[%clk 1:31:19]} 2. Nf3 {[%clk 1:31:14]} Nc6
{[%clk 1:31:43]} 3. Bb5 {[%clk 1:30:37]} Nf6 {[%clk 1:31:59]} 4. O-O
{[%clk 1:27:55]} Nxe4 {[%clk 1:31:47]} 5. Re1 {[%clk 1:27:54]} Nd6
{[%clk 1:29:50]} 6. Nxe5 {[%clk 1:27:16]} Be7 7. Bf1 Nxe5 {[%clk 1:29:47]} 8.
Rxe5 {[%clk 1:27:39]} O-O {[%clk 1:29:44]} 9. d4 {[%clk 1:27:44]} Bf6
{[%clk 1:29:14]} 10. Re1 {[%clk 1:23:01]} Re8 {[%clk 1:28:12]} 11. c3
{[%clk 1:23:26]} Rxe1 {[%clk 1:27:40]} 12. Qxe1 {[%clk 1:14:29]} Ne8
{[%clk 1:27:38]} 13. Bf4 {[%clk 1:14:50]} d5 {[%clk 1:26:59]} 14. Bd3
{[%clk 1:14:55]} g6 {[%clk 1:26:43]} 15. Nd2 {[%clk 1:13:37]} Ng7
{[%clk 1:25:55]} 16. Nf3 {[%clk 1:12:36]} c6 {[%clk 1:24:09]} 17. Qd2
{[%clk 1:09:37]} Bf5 {[%clk 1:21:06]} 18. Re1 {[%clk 1:10:00]} Bxd3
{[%clk 1:19:40]} 19. Qxd3 {[%clk 1:07:36]} Qb6 {[%clk 1:18:36]} 20. Re2
{[%clk 1:05:40]} Re8 {[%clk 1:11:46]} 21. h3 {[%clk 1:01:13]} Qa5 22. a3 Rxe2
{[%clk 1:07:03]} 23. Qxe2 {[%clk 1:01:40]} Ne6 {[%clk 1:07:30]} 24. Be5
{[%clk 0:58:04]} Qd8 {[%clk 1:03:42]} 25. g3 {[%clk 0:43:41]} Be7
{[%clk 0:49:59]} 26. Ne1 {[%clk 0:38:57]} Ng5 {[%clk 0:50:04]} 27. h4
{[%clk 0:36:47]} Ne4 {[%clk 0:42:59]} 28. Nd3 {[%clk 0:36:19]} Bd6
{[%clk 0:34:31]} 29. Kg2 {[%clk 0:25:07]} Bxe5 {[%clk 0:33:09]} 30. dxe5
{[%clk 0:20:50]} Qe7 {[%clk 0:25:35]} 31. Qg4 {[%clk 0:13:45]} Kg7
{[%clk 0:22:38]} 32. f3 {[%clk 0:13:08]} Nc5 {[%clk 0:23:06]} 33. Nxc5
{[%clk 0:12:37]} Qxc5 {[%clk 0:11:10]} 34. Qg5 Qb5 {[%clk 0:11:33]} 35. Qf6+
{[%clk 0:11:57]} Kg8 {[%clk 0:11:54]} 36. Qd8+ {[%clk 0:12:25]} Kg7 37. Qg5 Qxb2+
1/2-1/2